|
|
|
|
| LEADER |
00000naa0a2200000 4500 |
| 001 |
592400 |
| 005 |
20250108164032.0 |
| 035 |
|
|
|a (RuTPU)RU\TPU\tpu\4383
|
| 035 |
|
|
|a TPU00004383
|
| 090 |
|
|
|a 592400
|
| 100 |
|
|
|a 20011210d1963 k||y0rusy50 ca
|
| 101 |
0 |
|
|a rus
|
| 102 |
|
|
|a RU
|
| 200 |
1 |
|
|a Некоторые результаты исследования свойств ионных диэлектриков
|e доклад на III Межвузовской конференции по современной технике диэлектриков и полупроводников (Июнь 1960 г.
|f А. А. Воробьёв [и др.]
|
| 320 |
|
|
|a Библиогр.: 11 назв.
|
| 461 |
|
|
|t Ленинградский электротехнический ин-т. Известия
|
| 463 |
|
|
|t Вып. 51
|v С. 171-178
|d 1963
|
| 610 |
1 |
|
|a электричество
|
| 610 |
1 |
|
|a труды учёных ТПУ
|
| 610 |
1 |
|
|a диэлектрики
|
| 610 |
1 |
|
|a пробой
|
| 701 |
|
1 |
|a Воробьев
|b А. А.
|c российский физик
|c ректор Томского политехнического института, профессор
|f 1909-1981
|g Александр Акимович
|3 (RuTPU)RU\TPU\pers\12805
|4 070
|
| 701 |
|
1 |
|a Воробьёв
|b Г. А.
|
| 701 |
|
1 |
|a Завдовская
|b Е. К.
|
| 701 |
|
1 |
|a Савинцев
|b П. А.
|
| 801 |
|
0 |
|a RU
|b 63413507
|c 20011210
|g PSBO
|
| 801 |
|
2 |
|a RU
|b 63413507
|c 20091219
|g PSBO
|
| 942 |
|
|
|c CR
|